| 000 | 00527nam a22001937a 4500 | ||
|---|---|---|---|
| 005 | 20151019111822.0 | ||
| 010 | _aENG-113934 | ||
| 020 |
_c350.00 _a9789350450499 |
||
| 035 | _aEN-97466 | ||
| 037 |
_bDBAD/PUB _adpl |
||
| 082 | _aN | ||
| 100 | _aVenugopal, Anjali | ||
| 245 |
_aKora / _cby Anjali Venugopal |
||
| 260 |
_aCalcutta _bWriters Workshop _c2013 |
||
| 270 |
_a162/92, Late Garden, _bCalcutta _e700045 |
||
| 300 |
_a248p. _c22cm(Hb) |
||
| 500 | _aIncludes bibliographical references | ||
| 942 |
_2ddc _cEN _mVEN _hN |
||
| 999 |
_c96502 _d96502 |
||